No. 5039, U.S. Circuit Court of Appeals, 5th Circuit, John Thomas Baker and others, plaintiffs in error, volume U.S.A., defendant in error, in error to District Court of U.S. for Western District of Texas, Waco Division; petition for rehearing.

Bibliographic Details
Corporate Author: United States. Veterans Bureau
Format: Government Document eBook
Language:English
Published: [Washington] : GPO, 1928.
Subjects:
Online Access:Connect to the full text of this electronic document

MARC

Tag First Indicator Second Indicator Subfields
LEADER 00000cam a22000001a 4500
001 in00003678310
005 20190408174250.0
006 m o d f
007 cr bn mmmapmmp
008 141125s1928 dcu o f000 0 eng d
035 |a ebd191007858 
040 |a UMI  |c UMI  |d UtOrBLW 
086 0 |a VB 1.2:B 17 
099 |a VB1.2-1 
110 1 |a United States.  |b Veterans Bureau.  |0 http://id.loc.gov/authorities/names/n81058757 
245 1 0 |a No. 5039, U.S. Circuit Court of Appeals, 5th Circuit, John Thomas Baker and others, plaintiffs in error, volume U.S.A., defendant in error, in error to District Court of U.S. for Western District of Texas, Waco Division; petition for rehearing. 
264 1 |a [Washington] :  |b GPO,  |c 1928. 
300 |a 1 online resource (15 pages) 
336 |a text  |b txt  |2 rdacontent 
337 |a computer  |b c  |2 rdamedia 
338 |a online resource  |b cr  |2 rdacarrier 
533 |a Electronic reproduction.  |b [Bethesda, Md.] :  |c ProQuest,  |d 2014.  |e digital, PDF file.  |n ProQuest U.S. Executive Branch Documents  |n Mode of access: World Wide Web via ProQuest website. 
588 |a Record is based on online resource; title from PDF title page (ProQuest, last viewed Nov. 2014). Reuse except for individual research requires license from ProQuest, LLC. 
500 |a Electronic resource. 
650 0 |a Circuit courts.  |0 http://id.loc.gov/authorities/subjects/sh85026064 
650 0 |a Claims.  |0 http://id.loc.gov/authorities/subjects/sh85026530 
650 0 |a War risk insurance.  |0 http://id.loc.gov/authorities/subjects/sh85067046 
655 7 |a Electronic books.  |2 local 
856 4 0 |u http://proxy.library.tamu.edu/login?url=http://congressional.proquest.com/congressional/docview/t66.d71.vb1.2-1  |z Connect to the full text of this electronic document  |t 0 
999 f f |s 77115f6b-6596-3229-9305-a057cc3b02e2  |i be3b0bea-6c6a-3a30-900f-b6a3306dff4a  |t 0 
952 f f |a Texas A&M University  |b College Station  |c Electronic Resources  |d Available Online  |t 0  |h No information provided 
998 f f |t 0  |l Available Online